000 00457nam a2200145Ia 4500
003 OSt
005 20260130145119.0
008 211028s2018 xx 000 0 und d
040 _cAIMIT LIBRARY
041 _aeng
100 _aD Souza, Stacia Sharol; Harinakshi.
_g1616200
_97952
245 _aStudy on the dynamics of work- life blance of nurses with reference to A J Hospital Mangalore /
260 _aMangalore
_bRayan D Souza.
_c2018
942 _2ddc
_cPRO
999 _c219520
_d219520